Juventus Squad 2020-2021 - Statistics

General Stats
  • This quiz has been taken 72 times
  • The average score is 19 of 24
Answer Stats
Number Position Nationality Answer % Correct
16 Defender Colombia Juan Cuadrado
97%
7 Forward Portugal Cristiano Ronaldo
95%
19 Defender Italy Leonardo Bonucci
95%
10 Forward Argentina Paulo Dybala
95%
4 Defender Netherlands Matthijs De Ligt
94%
3 Defender Italy Giorgio Chiellini
92%
8 Midfielder Wales Aaron Ramsey
90%
25 Midfielder France Adrien Rabiot
90%
14 Midfielder United States Weston McKennie
90%
12 Defender Brazil Alex Sandro
89%
1 Goalkeeper Poland Wojciech Szczesny
89%
9 Forward Spain Alvaro Morata
87%
13 Defender Brazil Danilo
87%
44 Forward Sweden Dejan Kulusevski
85%
28 Defender Turkey Merih Demiral
85%
30 Midfielder Uruguay Rodrigo Bentancur
84%
77 Goalkeeper Italy Gianluigi Buffon
81%
22 Forward Italy Federico Chiesa
77%
5 Midfielder Brazil Arthur
76%
31 Goalkeeper Italy Carlo Pinsoglio
68%
33 Midfielder Italy Federico Bernardeschi
58%
37 Defender Romania Radu Dragusin
53%
39 Defender Italy Gianluca Frabotta
37%
41 Midfielder Italy Nicolò Fagioli
35%
No matching quizzes found
Score Distribution
Percent of People with Each Score
Percentile by Number Answered
Your Score History
You have not taken this quiz